Obrázky z Palánku

Bibliographic Details
Main Author: Ballek, Ladislav, 1941-2014 (Author)
Format: Article
Language:Slovak
Subjects:

MARC

LEADER 00000nab a2200000 a 4500
001 vtls000089385
003 SK-MaSNL
005 20260303032134.0
008 131118c1981 xo 0 slo
015 |a SNBRB19rr/mm-uuuuu 
035 |a CL0099488 
040 |a SNKBUCL  |b slo  |c SNKBUCL  |e AACR2 
041 0 |a slo 
044 |a xo  |c SK 
080 |a 885.4-3  |2 1981 
100 1 |a Ballek, Ladislav,  |d 1941-2014  |4 aut  |9 168078 
245 1 0 |a Obrázky z Palánku  |c Ladislav Ballek 
650 0 7 |a črty spoločenské  |2 snkbucl  |9 952170 
655 7 |a články z novín a časopisov  |2 snkbucl  |9 267496 
655 7 |a články z odboru literárna veda a krásna literatúra  |2 snkbucl  |9 770045 
773 0 |t Romboid  |g Roč. 16, č. 4 (1981), s. 31-43 
850 |a Slovenská národná knižnica v Martine  |a MTA001 
852 |a SNK  |b KIS3GCP 
958 |a RK 
958 |a LX 
992 |a RBX 
999 |c 1662513  |d 1664443